|
|
|
|
| LEADER |
00000nab a2200000 a 4500 |
| 001 |
vtls009177543 |
| 003 |
SK-MaSNL |
| 005 |
20260305033544.0 |
| 008 |
080125 2007 xo e 000 0 slo |
| 038 |
|
|
|a LVTK
|
| 040 |
|
|
|a LVTK
|b slo
|e ACCR2
|c LVTK
|
| 041 |
|
|
|a slo
|
| 044 |
|
|
|a xo
|c SK
|
| 080 |
|
|
|a 394.2
|2 2001
|
| 245 |
0 |
0 |
|a Roztancovaný Tekov
|c [autor] -vap-
|
| 300 |
|
|
|b Fotogr.
|
| 611 |
2 |
7 |
|a Tekov tancuje a spieva
|n (18. :
|d 2007 :
|c Starý Tekov, Slovensko)
|2 lvtk
|9 1614211
|
| 650 |
0 |
7 |
|a folklórne slávnosti
|2 SNKPH
|9 74761
|
| 650 |
0 |
7 |
|a folklórne súbory
|2 SNKPH
|9 28685
|
| 651 |
|
7 |
|a Levice (Slovensko : okres)
|2 lvtk
|9 15245
|
| 651 |
|
7 |
|a Starý Tekov (Slovensko)
|2 lvtk
|9 107965
|
| 773 |
0 |
|
|t Slovenská brána
|g Roč. XVII. (LVII.), č. 16 (2007), s. 5
|
| 852 |
|
|
|a LVTK
|b KIS3GCP
|
| 999 |
|
|
|c 3324813
|d 3326743
|